| 000 -ლიდერი |
| ფიქსირებული სიგრძის საკონტროლო ველი |
01131nam a2200241Ia 4500 |
| 001 - საკონტროლო ნომერი |
| საკონტროლო ველი |
23670 |
| 003 - საკონტროლო ნომრის იდენტიფიკატორი |
| საკონტროლო ველი |
GE_BSU |
| 005 - ბოლო ოპერაციის თარიღი და დრო |
| საკონტროლო ველი |
20191029162200.0 |
| 008 - ფიქსირებული სიგრძის მონაცემთა ელემენტები - ზოგადი ინფორმაცია |
| ფიქსირებული სიგრძის საკონტროლო ველი |
181216s2015||||ge |||||||||||||| ||geo|| |
| 020 ## - წიგნის საერთაშორისო სტანდარტული ნომერი |
| International Standard Book Number |
9789941250774 |
| 041 ## - ენის კოდი |
| Language code of text/sound track or separate title |
geo |
| 080 ## - უნივერსალური ათობითი კლასიფიკაციის ინდექსი |
| Universal Decimal Classification number |
31(100)(075.8) გ-29 |
| 100 ## - მთავარი ჩანაწერი - პიროვნების სახელი |
| Personal name |
გელაშვილი, სიმონ. |
| 9 (RLIN) |
5080 |
| 245 ## - ცნობა სათაურის შესახებ |
| Title |
საზღვარგარეთის ქვეყნების სტატისტიკა / |
| Statement of responsibility, etc |
სიმონ გელაშვილი ; რედ : ქეთევან მარშავა. |
| 264 ## - წარმოების, გამოცემის, დისტრიბუციის და სხვა ცნობები |
| გამოცემის, წარმოების, დისტრიბუციის... ადგილი |
თბილისი : |
| გამოცემის, წარმოების, დისტრიბუციის... სახელწოდება |
მერიდიანი, |
| გამოცემის, წარმოების, დისტრიბუციის... თარიღი |
2015. |
| 300 ## - ფიზიკური აღწერა |
| Extent |
498 გვ. : |
| Other physical details |
ცხრ. ; |
| Dimensions |
20 სმ. |
| 504 ## - BIBLIOGRAPHY, ETC. NOTE |
| Bibliography, etc |
ბიბლიოგრ. : გვ. 490-496. |
| 520 ## - SUMMARY, ETC. |
| Summary, etc |
თავფურ. მე-3 გვ. გერმ. ენაზე. |
| 653 ## - INDEX TERM--UNCONTROLLED |
| Uncontrolled term |
საზღვარგარეთის ქვეყნების სტატისტიკა |
| 653 ## - INDEX TERM--UNCONTROLLED |
| Uncontrolled term |
სტატისტიკა |
| 700 ## - ADDED ENTRY--PERSONAL NAME |
| Personal name |
მარშავა, ქეთევან |
| Relator term |
რედაქტორი |
| 9 (RLIN) |
5065 |
| 942 ## - ADDED ENTRY ELEMENTS (KOHA) |
| Koha item type |
წიგნი |
| Source of classification or shelving scheme |
|